[Event "Turkish Super League 2019"]
[Site "Konya"]
[Date "2019.07.24"]
[Round "8"]
[White "Tanriverdi, Enes"]
[Black "Dolgun, Can"]
[Result "1-0"]
[WhiteElo "2374"]
[BlackElo "2064"]
[Annotator "TA"]
[PlyCount "93"]
[EventDate "2019.07.17"]
[EventType "team-tourn"]
[EventCountry "TUR"]
[SourceTitle "playchess.com"]
[Source "ChessBase"]
[SourceQuality "1"]

{[%evp 15,97,33,28,18,43,33,57,60,76,66,87,80,46,49,54,54,61,66,164,101,90,80,136,135,182,179,328,306,346,325,373,383,366,363,430,422,441,437,436,435,426,429,481,469,468,457,406,453,473,475,405,426,483,462,441,437,403,316,648,620,996,1015,1000,987,2024,803,1130,1106,1308,1295,1911,2105,1852,1876,1921,2218,29986,29986,29986,29985,29989,29984,29984,29985]} 1. c4 Nf6 2. Nc3 c6 3. e4 d6 4. g3 g6 5. Bg2 Bg7 6. Nge2 O-O 7. O-O e5 8. d3 a5 9. h3 {A24: English Opening vs King's Indian: Lines without ...Nc6} (9. Rb1 Be6 10. b3 Na6 11. d4 Qd7 12. d5 cxd5 13. cxd5 Bh3 14. f3 Bxg2 15. Kxg2 Ne8 16. Be3 b5 {½-½ (50) Gourlay,I (2371)-Plat,V (2560) Newcastle 2018}) 9... Na6 10. Be3 Nd7 11. Qd2 {White is slightly better.} Nac5 12. Rad1 Ne6 13. d4 exd4 14. Nxd4 Nxd4 $146 ({Predecessor:} 14... Ne5 15. Qe2 Nxd4 16. Bxd4 Be6 {1-0 (48) Loew,G (2181)-Ott,H (1644) Nuremberg 2013}) 15. Bxd4 Bxd4 16. Qxd4 Ne5 (16... Qb6 $14) 17. c5 ({Better is} 17. f4 $18 Nd7 18. Qxd6) 17... Bxh3 $16 18. cxd6 Bxg2 (18... Qg5 $142) 19. Kxg2 Re8 20. f4 $36 {[%mdl 2048] Keeping Black busy.} Ng4 (20... Nd7 {was called for.} 21. e5 Qb6 22. Qxb6 Nxb6) 21. d7 $18 Re7 22. Na4 b6 23. Nxb6 Rb8 24. Rfe1 Rb7 25. Qc5 Rexd7 26. Rxd7 Rxd7 27. Nxd7 Qxd7 28. Qxa5 {[%mdl 4096] Endgame KQR-KQN} Qd4 {[#] ...Qf2+ is the strong threat.} 29. Re2 $1 Ne3+ 30. Kf3 Nf1 {intending ...Qd3+.} 31. Qe1 Qg1 {Threatens to win with ...Nh2+.} 32. e5 c5 {Hoping for ...Nh2+.} 33. Qf2 Qh1+ 34. Qg2 Nh2+ {[#]} 35. Ke4 $1 Qb1+ 36. Rc2 Nf1 $2 (36... Ng4 37. Kd3 h5) 37. Kf3 Qe1 38. Re2 Qd1 39. Kf2 Nd2 40. Qg1 (40. e6 $142 fxe6 41. Rxe6) 40... Ne4+ 41. Rxe4 Qd2+ 42. Re2 Qd4+ 43. Kg2 Qd5+ 44. Kh2 h5 45. Qg2 Qxa2 {[#]} 46. e6 $1 {White mates.} fxe6 {[#]} 47. Qc6 {Played: Qg2-e4} 1-0

[Event "Turkish Super League 2019"]
[Site "Konya"]
[Date "2019.07.24"]
[Round "8"]
[White "Tarlabasi, Emirhan"]
[Black "Lobanov, Sergei"]
[Result "1-0"]
[WhiteElo "2352"]
[BlackElo "2505"]
[Annotator "ChessBase"]
[PlyCount "27"]
[EventDate "2019.07.17"]
[EventType "team-tourn"]
[EventCountry "TUR"]
[SourceTitle "playchess.com"]
[Source "ChessBase"]
[SourceQuality "1"]
[TimeControl "40/5400+30:1800+30"]

1. d4 Nf6 2. c4 e6 3. Nc3 Bb4 4. Nf3 b6 5. e3 Bb7 6. Bd3 O-O 7. O-O d5 8. cxd5 exd5 9. Ne5 Nbd7 10. f4 c5 11. Ne2 c4 12. Bf5 b5 13. Bd2 Be7 14. Qe1 1-0

[Event "Turkish Super League 2019"]
[Site "Konya"]
[Date "2019.07.24"]
[Round "8"]
[White "Savina, Anastasia"]
[Black "Mammadzada, Gunay"]
[Result "0-1"]
[WhiteElo "2344"]
[BlackElo "2427"]
[Annotator "NA"]
[PlyCount "100"]
[EventDate "2019.07.17"]
[EventType "team-tourn"]
[EventCountry "TUR"]
[SourceTitle "playchess.com"]
[Source "ChessBase"]
[SourceQuality "1"]
[TimeControl "40/5400+30:1800+30"]

1. d4 Nf6 2. c4 e6 3. Nc3 Bb4 4. Nf3 O-O 5. Bd2 d5 6. e3 b6 7. cxd5 exd5 8. Bd3 Bb7 9. Qc2 a6 10. a3 Bd6 11. b4 Re8 {[%emt 1:15:38]} 12. O-O {[%emt 1:28:53]} Nbd7 {[%emt 0:00:30]} 13. b5 {[%emt 0:00:30]} a5 {[%emt 0:00:30]} 14. Ne2 {[%emt 0:00:30]} Ne4 {[%emt 0:00:30]} 15. Bc1 {[%emt 0:00:30]} g5 {[%emt 0:00:30]} 16. Ng3 {[%emt 0:00:30]} Qf6 {[%emt 0:00:30]} 17. Bb2 {[%emt 0:00:30]} h6 {[%emt 0:00:30]} 18. Nd2 {[%emt 0:00:30]} Qe6 {[%emt 0:00:30]} 19. Rae1 {[%emt 0:00:30]} Ndf6 {[%emt 0:03:04]} 20. Ndxe4 {[%emt 0:06:30]} dxe4 {[%emt 0:00:42]} 21. Bc4 {[%emt 0:00:53]} Bd5 {[%emt 0:00:41]} 22. Bxd5 {[%emt 0:00:13]} Nxd5 {[%emt 0:01:30]} 23. f3 {[%emt 0:00:42]} Bxg3 {[%emt 0:04:59]} 24. hxg3 {[%emt 0:00:05]} f5 {[%emt 0:04:04]} 25. f4 {[%emt 0:00:52]} gxf4 {[%emt 0:00:30]} 26. gxf4 {[%emt 0:00:35]} Kf7 {[%emt 0:00:56]} 27. Qe2 {[%emt 0:00:30]} Rg8 {[%emt 0:00:30]} 28. Rc1 {[%emt 0:00:37]} Qg6 {[%emt 0:01:31]} 29. Rc6 {[%emt 0:00:30]} Qg4 {[%emt 0:00:30]} 30. Qd2 {[%emt 0:00:30]} Rg6 {[%emt 0:01:55]} 31. Rxg6 {[%emt 0:00:34]} Qxg6 {[%emt 0:00:30]} 32. Rf2 {[%emt 0:00:30]} Qe6 {[%emt 0:00:30]} 33. Bc1 {[%emt 0:00:30]} Rg8 {[%emt 0:00:30]} 34. Qd1 {[%emt 0:00:30]} Rg4 {[%emt 0:00:30]} 35. Rc2 {[%emt 0:00:30]} Ke7 {[%emt 0:00:30]} 36. Qe2 {[%emt 0:00:28]} Rg8 {[%emt 0:04:49]} 37. Rc6 {[%emt 0:00:30]} Qf7 {[%emt 0:00:30]} 38. Qc2 {[%emt 0:00:30]} Rg6 {[%emt 0:00:30]} 39. Rxc7+ {[%emt 0:00:30]} Nxc7 {[%emt 0:00:30]} 40. Qxc7+ {[%emt 0:00:30]} Kf8 {[%emt 0:00:00]} 41. Qc8+ {[%emt 0:24:43]} Kg7 {[%emt 0:03:41]} 42. d5 {[%emt 0:00:45]} Qxd5 {[%emt 0:06:30]} 43. Bb2+ {[%emt 0:00:14]} Kf7 {[%emt 0:00:30]} 44. Qc7+ {[%emt 0:00:30]} Ke8 {[%emt 0:00:00]} 45. Qc8+ {[%emt 0:02:34]} Ke7 {[%emt 0:00:00]} 46. a4 {[%emt 0:01:11]} Qd7 {[%emt 0:06:47]} 47. Qh8 {[%emt 0:02:57]} Qd6 {[%emt 0:03:25]} 48. Be5 {[%emt 0:01:11]} Qd1+ {[%emt 0:01:43]} 49. Kh2 {[%emt 0:00:06]} Qg4 {[%emt 0:01:07]} 50. Bd6+ {[%emt 0:00:54]} Kd7 {[%emt 0:00:53]} 0-1

[Event "Turkish Super League 2019"]
[Site "Konya"]
[Date "2019.07.24"]
[Round "8"]
[White "Kamer, Kayra"]
[Black "Ozen, Bahadir"]
[Result "1/2-1/2"]
[WhiteElo "2340"]
[BlackElo "2366"]
[Annotator "TA"]
[PlyCount "60"]
[EventDate "2019.07.17"]
[EventType "team-tourn"]
[EventCountry "TUR"]
[SourceTitle "playchess.com"]
[Source "ChessBase"]
[SourceQuality "1"]

{[%evp 14,60,0,0,0,-12,16,7,11,13,4,-1,-2,0,0,0,-2,0,15,16,18,14,14,18,24,14,14,14,16,14,14,14,21,22,42,0,52,0,44,0,57,0,43,0,57,0,39,0,57]} 1. e4 e5 2. Nf3 Nc6 3. Nc3 Nf6 4. d4 exd4 5. Nxd4 Bb4 6. Nxc6 bxc6 7. Bd3 d5 8. exd5 O-O {C47: Scotch Four Knights and Four Knights with 4 g3} 9. O-O Bg4 (9... cxd5 10. Bg5 c6 11. Qf3 Bd6 12. Rae1 Rb8 13. Nd1 h6 14. Bxf6 Qxf6 15. Qxf6 gxf6 16. b3 Kg7 17. Ne3 Re8 18. Nf5+ Bxf5 19. Bxf5 Re5 20. Bd7 Rb6 21. g3 {½-½ (43) Rapport,R (2726)-Ding,L (2809) Shenzhen 2019}) 10. f3 Bh5 $1 11. Bg5 cxd5 12. Nxd5 Qxd5 13. Bxf6 $1 {Strongly threatening Bxh7+!} Qc5+ 14. Kh1 gxf6 15. a3 $1 {[#]} Bc3 $146 {[%mdl 512]} ({Predecessor:} 15... Ba5 16. b4 Qc3 17. bxa5 Qxa5 18. Qe1 {½-½ (22) Stevic,H (2587)-Esipenko,A (2593) Skopje 2018}) 16. bxc3 Qxc3 17. Qe1 Qxe1 18. Rfxe1 Bg6 19. Re7 Bxd3 20. cxd3 $11 {[%mdl 4096] Endgame KRR-KRR} Rfd8 21. Rxc7 Rxd3 22. h3 a5 23. a4 Rd4 24. Kh2 Kg7 (24... h5 $11) 25. Kh1 ({Better is} 25. Rc5 $1 $14) 25... Kg8 26. Kh2 Kg7 (26... h5 $11) 27. Kh1 (27. Rc5 $14) 27... Kg8 28. Kh2 Kg7 ({Black should try} 28... h5 $11) 29. Kh1 Kg8 30. Kh2 Kg7 {Accuracy: White = 44%, Black = 55%.} 1/2-1/2

[Event "Turkish Super League 2019"]
[Site "Konya"]
[Date "2019.07.24"]
[Round "8"]
[White "Tasdogen, Dincer"]
[Black "Ozkan, Ervin"]
[Result "1-0"]
[WhiteElo "2310"]
[BlackElo "2175"]
[Annotator "TA"]
[PlyCount "89"]
[EventDate "2019.07.17"]
[EventType "team-tourn"]
[EventCountry "TUR"]
[SourceTitle "playchess.com"]
[Source "ChessBase"]
[SourceQuality "1"]

{[%evp 18,89,20,25,31,35,29,28,38,14,31,20,12,15,16,16,16,17,21,-27,0,0,0,0,24,26,14,20,26,26,25,20,39,32,38,40,67,64,94,22,92,59,132,120,115,55,55,45,290,293,279,276,277,282,617,654,654,654,527,527,906,897,832,772,832,831,800,797,1053,1047,2505,1332,1331,1325]} 1. Nf3 d5 2. g3 Nf6 3. Bg2 c6 4. O-O Bg4 5. d4 Nbd7 6. Nbd2 e6 7. Re1 Bd6 8. e4 dxe4 9. Nxe4 Nxe4 10. Rxe4 Nf6 {D02: 1 d4 d5 2 Nf3 sidelines, including 2...Nf6 3 g3 and 2...Nf6 3 Bf4} (10... Bh5 11. d5 Nf6 12. Bg5 Bg6 13. Re1 cxd5 14. Bxf6 gxf6 15. Qxd5 Qb6 16. Nd2 O-O 17. Qxb7 Qxb7 18. Bxb7 {½-½ (25) Artemiev,V (2697)-Lysyj,I (2618) Moscow 2018}) 11. Re1 O-O 12. h3 Bh5 {White has an edge.} 13. Qe2 $146 ({Predecessor:} 13. Be3 Qc7 14. c4 Rad8 15. Qa4 c5 {1-0 (54) Shkuran,D (2449)-Rydstrom,T (2307) Lvov 2016}) 13... Qe7 14. g4 Bg6 15. Ne5 Bxe5 16. dxe5 Nd5 17. a3 Rfd8 18. b3 Nc3 19. Qc4 Nb5 20. Be3 $1 Nxa3 21. Bc5 {[%mdl 64] Double Attack} Nxc4 22. Bxe7 Re8 $1 23. Bc5 $36 {[%mdl 2048] White has the initiative.} Nb6 24. c4 Nd7 25. Bxa7 Bc2 26. b4 Bb3 27. Bf1 Rec8 28. Bd4 ({White should play} 28. f4 $16) 28... Ba4 (28... g5 $11) 29. Re3 {Strongly threatening Rea3.} b5 (29... c5 $14) 30. Bg2 $16 Rab8 31. cxb5 (31. f4 $16) 31... Bxb5 $14 32. Ra7 c5 $2 (32... g5 $14) 33. bxc5 $1 $18 Nxc5 {[#]} 34. Ra5 $1 Nd7 {[#]} 35. Ba7 $1 {[%cal Ra7b8]} Bc6 $2 (35... g5 36. Bxb8 Rxb8) 36. Bxb8 {White is clearly winning.} Bxg2 37. Kxg2 Rxb8 {[%mdl 4096] Endgame KRR-KRN} 38. Ra7 Nc5 39. Rc3 Ne4 40. Rcc7 Rf8 41. f3 Nd2 42. Rab7 g5 43. Kf2 h6 44. Ke2 Rd8 45. Rc2 {Accuracy: White = 59%, Black = 26%.} 1-0

[Event "Turkish Super League 2019"]
[Site "Konya"]
[Date "2019.07.24"]
[Round "8"]
[White "Caglar, Sila"]
[Black "Ozturk, Kubra"]
[Result "0-1"]
[WhiteElo "2306"]
[BlackElo "2317"]
[Annotator "NA RC"]
[PlyCount "25"]
[EventDate "2019.07.17"]
[EventType "team-tourn"]
[EventCountry "TUR"]
[SourceTitle "playchess.com"]
[Source "ChessBase"]
[SourceQuality "1"]
[TimeControl "40/5400+30:1800+30"]

1. e4 e5 2. Nf3 Nc6 3. Bc4 Bc5 4. c3 Nf6 5. d3 O-O 6. Bg5 h6 7. Bh4 Be7 8. Nbd2 d6 9. a4 Nh5 10. g3 Bxh4 11. Nxh4 Nf4 12. Qf3 Ne6 13. O-O-O 0-1

[Event "Turkish Super League 2019"]
[Site "Konya"]
[Date "2019.07.24"]
[Round "8"]
[White "Maltsevskaya, Aleksandra"]
[Black "Daulyte-Cornette, Deimante"]
[Result "1-0"]
[WhiteElo "2294"]
[BlackElo "2444"]
[Annotator "NA"]
[PlyCount "79"]
[EventDate "2019.07.17"]
[EventType "team-tourn"]
[EventCountry "TUR"]
[SourceTitle "playchess.com"]
[Source "ChessBase"]
[SourceQuality "1"]
[TimeControl "40/5400+30:1800+30"]

1. c4 e5 2. Nc3 Nf6 3. g3 c6 4. Nf3 e4 5. Nd4 Qb6 6. Nc2 d5 7. Bg2 dxc4 8. O-O Be6 9. d3 {[%emt 1:16:13]} cxd3 {[%emt 1:19:28]} 10. exd3 {[%emt 0:00:30]} exd3 {[%emt 0:00:30]} 11. Qxd3 {[%emt 0:00:30]} Na6 {[%emt 0:00:30]} 12. Be3 {[%emt 0:00:30]} Nb4 {[%emt 0:00:30]} 13. Qe2 {[%emt 0:00:30]} Qa6 {[%emt 0:00:30]} 14. Qxa6 {[%emt 0:00:30]} Nxa6 {[%emt 0:00:30]} 15. Nd4 {[%emt 0:00:30]} Bc5 {[%emt 0:00:30]} 16. Nxe6 {[%emt 0:00:30]} fxe6 {[%emt 0:00:30]} 17. Bxc5 {[%emt 0:00:30]} Nxc5 {[%emt 0:00:30]} 18. b4 {[%emt 0:00:30]} Ncd7 {[%emt 0:00:30]} 19. b5 {[%emt 0:00:30]} Nd5 {[%emt 0:00:30]} 20. bxc6 {[%emt 0:00:30]} bxc6 {[%emt 0:00:30]} 21. Ne4 {[%emt 0:00:30]} Ke7 {[%emt 0:00:30]} 22. Rac1 {[%emt 0:00:30]} Rac8 {[%emt 0:00:30]} 23. Rfe1 {[%emt 0:00:30]} h6 {[%emt 0:00:30]} 24. Bh3 {[%emt 0:00:30]} Rhd8 {[%emt 0:00:30]} 25. Nd6 {[%emt 0:00:30]} Rc7 {[%emt 0:06:00]} 26. Rxe6+ {[%emt 0:01:24]} Kf8 {[%emt 0:00:06]} 27. Ne4 {[%emt 0:04:08]} Re8 {[%emt 0:05:20]} 28. Rexc6 {[%emt 0:06:19]} Rxc6 {[%emt 0:00:30]} 29. Rxc6 {[%emt 0:00:30]} Rxe4 {[%emt 0:00:30]} 30. Bxd7 {[%emt 0:01:38]} Ke7 {[%emt 0:00:14]} 31. Bf5 {[%emt 0:03:13]} Re1+ {[%emt 0:00:30]} 32. Kg2 {[%emt 0:00:30]} Nb4 {[%emt 0:02:24]} 33. Rg6 {[%emt 0:02:55]} Kf7 {[%emt 0:03:19]} 34. a3 {[%emt 0:00:30]} Nd5 {[%emt 0:00:30]} 35. Ra6 {[%emt 0:00:30]} Re7 {[%emt 0:00:30]} 36. Bg6+ {[%emt 0:00:30]} Kf8 {[%emt 0:00:30]} 37. Rd6 {[%emt 0:00:30]} Re5 {[%emt 0:00:30]} 38. f4 {[%emt 0:00:00]} Re2+ {[%emt 0:00:37]} 39. Kf3 {[%emt 0:00:00]} Rd2 {[%emt 0:00:30]} 40. Be4 {[%emt 0:00:23]} 1-0

[Event "Turkish Super League 2019"]
[Site "Konya"]
[Date "2019.07.24"]
[Round "8"]
[White "Yildiz Kadioglu, Betul Cemre"]
[Black "Dordzhieva, Dinara"]
[Result "1-0"]
[WhiteElo "2290"]
[BlackElo "2306"]
[Annotator "NA"]
[PlyCount "29"]
[EventDate "2019.07.17"]
[EventType "team-tourn"]
[EventCountry "TUR"]
[SourceTitle "playchess.com"]
[Source "ChessBase"]
[SourceQuality "1"]
[TimeControl "40/5400+30:1800+30"]

1. e4 c5 2. c3 d5 3. exd5 Qxd5 4. d4 Nf6 5. Nf3 Nc6 6. Be2 e6 7. O-O Be7 8. c4 Qd8 9. dxc5 Qxd1 10. Rxd1 Bxc5 11. Nc3 O-O 12. Bf4 b6 13. a3 Bb7 14. b4 Be7 15. Nb5 1-0

[Event "Turkish Super League 2019"]
[Site "Konya"]
[Date "2019.07.24"]
[Round "8"]
[White "Kilic, Efe Mert"]
[Black "Sevgi, Volkan"]
[Result "1/2-1/2"]
[WhiteElo "2275"]
[BlackElo "2302"]
[Annotator "TA"]
[PlyCount "48"]
[EventDate "2019.07.17"]
[EventType "team-tourn"]
[EventCountry "TUR"]
[SourceTitle "playchess.com"]
[Source "ChessBase"]
[SourceQuality "1"]

{[%evp 39,48,12,14,20,14,8,43,0,0,0,63]} 1. e4 c6 2. d4 d5 3. Nc3 dxe4 4. Nxe4 Bf5 5. Ng3 Bg6 6. h4 h6 7. Nf3 Nd7 8. h5 Bh7 9. Bd3 Bxd3 10. Qxd3 e6 11. Bf4 Qa5+ 12. Bd2 Qc7 13. O-O-O Ngf6 14. Ne4 O-O-O 15. g3 Nxe4 16. Qxe4 Bd6 17. c4 Nf6 18. Qe2 c5 19. Bc3 cxd4 20. Nxd4 a6 21. Nb3 {B19: Classical Caro-Kann: 4...Bf5 main line} Qc6 22. Na5 Qc7 23. Nb3 Qc6 24. Na5 {[#]} Qc5 $146 (24... Qc7 $11) ({Predecessor:} 24... Qe4 25. Rde1 Qf5 26. Nb3 Bc7 27. Qc2 Qd3 28. Rh4 Qxc2+ 29. Kxc2 Rd6 30. Re2 Rhd8 {0-1 (44) Kovacevic,A (2543)-Cvitan,O (2542) Rogaska Slatina 2009}) 1/2-1/2

[Event "Turkish Super League 2019"]
[Site "Konya"]
[Date "2019.07.24"]
[Round "8"]
[White "Samani, Yamac"]
[Black "Secer, Ata"]
[Result "1/2-1/2"]
[WhiteElo "2266"]
[BlackElo "2324"]
[Annotator "NA"]
[PlyCount "34"]
[EventDate "2019.07.17"]
[EventType "team-tourn"]
[EventCountry "TUR"]
[SourceTitle "playchess.com"]
[Source "ChessBase"]
[SourceQuality "1"]
[TimeControl "40/5400+30:1800+30"]

1. e4 c5 2. Nf3 e6 3. d4 cxd4 4. Nxd4 Nc6 5. Nc3 Qc7 6. Be3 a6 7. Qf3 Bd6 8. O-O-O Be5 9. g3 Nge7 10. Qe2 O-O 11. f4 Bxd4 12. Bxd4 Nxd4 13. Rxd4 e5 14. fxe5 Nc6 15. Rd2 Nxe5 16. Kb1 b5 17. Bh3 Bb7 1/2-1/2

[Event "Turkish Super League 2019"]
[Site "Konya"]
[Date "2019.07.24"]
[Round "8"]
[White "Keler, Faruk"]
[Black "Kitir, Ahmet"]
[Result "1-0"]
[WhiteElo "2263"]
[BlackElo "2012"]
[Annotator "NA"]
[PlyCount "69"]
[EventDate "2019.07.17"]
[EventType "team-tourn"]
[EventCountry "TUR"]
[SourceTitle "playchess.com"]
[Source "ChessBase"]
[SourceQuality "1"]
[TimeControl "40/5400+30:1800+30"]

1. Nf3 f5 2. d3 e6 3. e4 fxe4 4. dxe4 Nc6 5. Bd3 b6 6. O-O Bb7 7. e5 Nb4 8. Be2 Qe7 9. c3 {[%emt 1:16:43]} Nc6 {[%emt 1:22:12]} 10. b4 {[%emt 0:00:30]} g6 {[%emt 0:00:30]} 11. b5 {[%emt 0:00:30]} Nd8 {[%emt 0:00:30]} 12. a4 {[%emt 0:00:30]} Qg7 {[%emt 0:00:30]} 13. a5 {[%emt 0:00:30]} Nf7 {[%emt 0:00:30]} 14. Be3 {[%emt 0:00:30]} Ne7 {[%emt 0:00:30]} 15. Nbd2 {[%emt 0:00:30]} Nd5 {[%emt 0:00:30]} 16. Bd4 {[%emt 0:00:30]} Nf4 {[%emt 0:00:30]} 17. axb6 {[%emt 0:00:30]} axb6 {[%emt 0:00:30]} 18. Rxa8+ {[%emt 0:00:30]} Bxa8 {[%emt 0:00:30]} 19. Bc4 {[%emt 0:00:30]} Be7 {[%emt 0:00:30]} 20. Re1 {[%emt 0:00:30]} g5 {[%emt 0:00:30]} 21. Ne4 {[%emt 0:00:30]} g4 {[%emt 0:00:30]} 22. Nfd2 {[%emt 0:00:30]} h5 {[%emt 0:01:22]} 23. Qa4 {[%emt 0:07:08]} O-O {[%emt 0:00:12]} 24. Qa7 {[%emt 0:02:18]} Ng5 {[%emt 0:02:32]} 25. Bf1 {[%emt 0:00:30]} Nxe4 {[%emt 0:00:30]} 26. Nxe4 {[%emt 0:00:30]} Qg6 {[%emt 0:00:30]} 27. Nf6+ {[%emt 0:01:16]} Bxf6 {[%emt 0:02:26]} 28. exf6 {[%emt 0:00:02]} Nh3+ {[%emt 0:03:40]} 29. Kh1 {[%emt 0:00:11]} Qc2 {[%emt 0:01:07]} 30. Qxc7 {[%emt 0:01:15]} Nxf2+ {[%emt 0:00:47]} 31. Kg1 {[%emt 0:00:17]} Ne4 {[%emt 0:02:51]} 32. Qxd7 {[%emt 0:00:30]} Rxf6 {[%emt 0:00:30]} 33. Qe8+ {[%emt 0:00:30]} Kh7 {[%emt 0:00:37]} 34. Qxa8 {[%emt 0:02:51]} Ng5 {[%emt 0:00:30]} 35. Bxf6 {[%emt 0:00:30]} 1-0

[Event "Turkish Super League 2019"]
[Site "Konya"]
[Date "2019.07.24"]
[Round "8"]
[White "Uysal, Burak"]
[Black "Heberla, Bartlomiej"]
[Result "1/2-1/2"]
[WhiteElo "2228"]
[BlackElo "2534"]
[Annotator "ChessBase"]
[PlyCount "29"]
[EventDate "2019.07.17"]
[EventType "team-tourn"]
[EventCountry "TUR"]
[SourceTitle "playchess.com"]
[Source "ChessBase"]
[SourceQuality "1"]
[TimeControl "40/5400+30:1800+30"]

1. d4 d5 2. c4 e6 3. Nc3 Nf6 4. cxd5 exd5 5. Bg5 c6 6. e3 Bd6 7. Bd3 O-O 8. Qc2 h6 9. Bh4 Re8 10. Nge2 a5 11. h3 Na6 12. a3 Nc7 13. O-O Ne6 14. Rad1 Ng5 15. f4 1/2-1/2

[Event "Turkish Super League 2019"]
[Site "Konya"]
[Date "2019.07.24"]
[Round "8"]
[White "Akdogan, Alperen"]
[Black "Eren, Ataberk"]
[Result "1/2-1/2"]
[WhiteElo "2193"]
[BlackElo "2295"]
[Annotator "NA"]
[PlyCount "61"]
[EventDate "2019.07.17"]
[EventType "team-tourn"]
[EventCountry "TUR"]
[SourceTitle "playchess.com"]
[Source "ChessBase"]
[SourceQuality "1"]
[TimeControl "40/5400+30:1800+30"]

1. d4 d5 2. Nf3 Nf6 3. c4 c6 4. Qc2 dxc4 5. Qxc4 Bg4 6. Nbd2 e6 7. g3 Be7 8. Bg2 O-O 9. O-O Nbd7 10. Ne5 Bh5 11. Nxd7 Nxd7 12. Nb3 a5 13. a4 e5 14. Rd1 Re8 15. dxe5 Nxe5 16. Qc2 Qb6 17. Be3 Bg6 18. Qxg6 Qxe3 19. Qc2 Qb6 20. e3 Rad8 21. Rac1 g6 22. Nd4 Bf6 23. h3 Qb4 24. b3 Kg7 25. Qc5 Qxc5 26. Rxc5 b6 27. Rcc1 c5 28. Nc6 Nxc6 29. Bxc6 Re6 30. Rxd8 Bxd8 31. Bf3 1/2-1/2

[Event "Turkish Super League 2019"]
[Site "Konya"]
[Date "2019.07.24"]
[Round "8"]
[White "Aydin, Hakan Arda"]
[Black "Agdelen, Huseyin Can"]
[Result "0-1"]
[WhiteElo "1956"]
[BlackElo "2275"]
[Annotator "NA"]
[PlyCount "20"]
[EventDate "2019.07.17"]
[EventType "team-tourn"]
[EventCountry "TUR"]
[SourceTitle "playchess.com"]
[Source "ChessBase"]
[SourceQuality "1"]
[TimeControl "40/5400+30:1800+30"]

1. e4 c5 2. Nf3 d6 3. d4 cxd4 4. Nxd4 Nf6 5. Nc3 a6 6. Bg5 Nbd7 7. f4 Qb6 8. Nb3 e6 9. Qf3 Qc7 10. O-O-O b5 0-1

[Event "Turkish Super League 2019"]
[Site "Konya"]
[Date "2019.07.25"]
[Round "9"]
[White "Tomashevsky, Evgeny"]
[Black "Inarkiev, Ernesto"]
[Result "1/2-1/2"]
[WhiteElo "2702"]
[BlackElo "2693"]
[Annotator "TA"]
[PlyCount "67"]
[EventDate "2019.07.17"]
[EventType "team-tourn"]
[EventCountry "TUR"]
[SourceTitle "playchess.com"]
[Source "ChessBase"]
[SourceQuality "1"]

{[%evp 9,67,19,19,-4,0,-10,0,0,0,0,0,0,0,-14,0,0,0,-31,-34,-26,-27,-41,-14,-40,-28,-67,-53,-76,-34,-118,-72,-70,-36,-29,-30,-34,0,0,-2,-1,8,-12,-16,-19,-33,-74,-31,-40,0,0,0,-1,0,0,0,0,0,0,0,0]} 1. Nf3 d5 2. d4 Nf6 3. c4 e6 4. Nc3 dxc4 5. e4 Bb4 6. Bxc4 {D24: Queen's Gambit Accepted: 3 Nf3 Nf6 4 Nc3} Nxe4 7. O-O Nxc3 (7... Nf6 8. Qa4+ Nc6 9. Ne5 Rb8 10. d5 exd5 11. Nxd5 Nxd5 12. Nxc6 bxc6 13. Qxc6+ Qd7 14. Qxd5 {½-½ (31) Mamedyarov,S (2817)-Caruana,F (2832) Germany 2019}) 8. bxc3 Be7 9. Qe2 O-O 10. Rd1 Nd7 11. Rd3 c5 12. d5 e5 $146 ({Predecessor:} 12... exd5 13. Rxd5 Bf6 {1-0 (70) Priyanka,N (2043)-Monnisha,G (2288) Bhayandar 2015}) 13. Nxe5 (13. d6 $5 {[%cal Rd6e7]} Bf6 14. Bd5 $11) 13... Nxe5 14. Qxe5 Bd6 $36 {[%mdl 2048] Black has good play.} 15. Qh5 Re8 {[%cal Re8e1] [#]} 16. Re3 Bd7 17. Bd3 g6 18. Qf3 c4 (18... Qa5 $5 {[%cal Ra5c3]} 19. Qf6 Qc7 $15) 19. Bc2 (19. Bf1 $15) 19... Qh4 20. h3 Bc5 (20... f5 {is interesting.} 21. Bd2 Qf6 22. Rxe8+ Rxe8 23. g3 f4) 21. Rxe8+ Rxe8 22. Be3 Bxe3 23. fxe3 f5 24. Rf1 Re5 25. e4 Qe7 {[%cal Rf5e4]} 26. Qf4 {[%cal Re4f5]} fxe4 27. d6 Qe8 28. Re1 {[%cal Re1e4]} Bc6 {[#]} 29. d7 $1 {[%mdl 512] The position is equal.} Bxd7 {Strongly threatening ...Bc6.} 30. Rxe4 Rxe4 31. Bxe4 Bc6 32. Bxc6 Qxc6 33. Qb8+ Kg7 34. Qxa7 {Accuracy: White = 62%, Black = 57%.} 1/2-1/2